00273 a2200133 4500001000700000020002200007040001100029100002200040240002700062245002200089300000800111362000900119440001100128190677 a970-85-01-07836-0 cMagnum aCornwell, Bernard10aA presa de sharpelpor10aA presa de sharpe a3340 a2007 1aRecord